000 00284nam a22001217a 4500
003 SGT
082 _a370
_bWEI
100 _aWEISS, CURTISE
245 _aCLINICAL MANAGEMENT OF ARTICULARY AND PHONOLOGIC DISORDER
260 _aBOSTON
_bALLYN
_c1989
300 _a599
942 _2ddc
_cBK
999 _c17760
_d17760